00341nam a2200133Ia 4500003000400000008004100004040001600045082001500061100001800076245006100094260003100155300001000186650001100196GCL140319s9999 xx 000 0 eng d aGCL / cGCL04a646.2bE E1 aEATON, JOHN P10aTHE ENCYCLOPAEDIA OF SEWING TECHNIQUES / cEATON, JOHN P a[S.N] : bHAMLYN ، c1986 a176 P04aSEWING